| 000 | 00993cam a2200265 4500 | ||
|---|---|---|---|
| 008 | 090401t1998 xxu||||| |||| 00| 0 eng d | ||
| 020 | _a0101395027 | ||
| 035 | _a(Sirsi) u87562 | ||
| 041 | _aeng | ||
| 050 |
_a380.5 _c18 |
||
| 110 |
_aUnited Kingdom _bDepartment of the Environment, Transport and the Regions _93507 |
||
| 245 | 2 |
_aA new deal for transport _bbetter for everyone _cthe government's White Paper on the future of transport |
|
| 260 |
_aLondon _bStationery Office _c1998 |
||
| 300 |
_a170p. _c30cm. |
||
| 350 | _a16.50 | ||
| 490 |
_aCm _v3950 |
||
| 650 | _aTRANSPORT WHITE PAPER | ||
| 690 | _aPROPERTY-INFRASTRUCTURE-TRANSPORT INFRASTRUCTURE | ||
| 710 |
_aUnited Kingdom _bScottish Office _91510 |
||
| 710 |
_aUnited Kingdom _bWelsh Office _91214 |
||
| 710 |
_aNorthern Ireland Office _9659 |
||
| 856 |
_uhttps://www.dft.gov.uk/stellent/groups/dft_about/documents/page/dft_about_021588.hcsp _zView the White Paper at www.dft.gov.uk... |
||
| 942 | _n0 | ||
| 948 | _c22/07/1998 | ||
| 999 |
_c97247 _d97247 |
||